| 000 | 01008nam a2200277 i 4500 | ||
|---|---|---|---|
| 001 | bg | ||
| 100 | 1 | _aHASIK, Magdalena | |
| 245 | 1 | 0 |
_aHybrydowe układy polimerów skoniugowanych i platynowców : _botrzymywanie i właściwości / _cMagdalena Hasik. |
| 260 |
_aWarszawa : _bOficyna Wydawnicza PW, _c2005. |
||
| 300 |
_a97, [1] s. : _bfot., wykr. ; _c24 cm. |
||
| 490 | 1 |
_aPrace Naukowe. Chemia / Politechnika Warszawska ; _v0137-2300 |
|
| 500 | _aOpis wg okł. - W nagł. odmienny tyt. serii: Prace Naukowe Politechniki Warszawskiej. - Streszcz. ang. | ||
| 500 | _aPrace Naukowe Politechniki Warszawskiej. | ||
| 500 | _aNumeracja ser. gł. : z. 74. | ||
| 504 | _aBibliogr. | ||
| 650 | 9 | _aPolianilina | |
| 650 | 9 | _aPolipirol | |
| 650 | 9 |
_aPolimery _xbadanie |
|
| 650 | 9 |
_aSpektroskopia _xstosowanie |
|
| 830 | 0 | _aPrace Naukowe. Chemia (Politechnika Warszawska) ; | |
| 040 | _cBPK | ||
| 041 | 0 |
_apol _beng |
|
| 080 | _a543.42:678.7 | ||
| 942 | _cKS | ||
| 008 | s pl f |000 0 pol | ||
| 999 |
_c51561 _d51561 |
||
| 856 |
_uhttp://koha.tu.koszalin.pl/cgi-bin/koha/opac-detail.pl?biblionumber=51561 _yKatalog online BPK |
||